landscape painting in watercolor
| Main Author: | |
|---|---|
| Format: | Book |
| Language: | English |
| Published: |
London :
Watson Guptill Pub. ,
1971
|
| Subjects: |
MARC
| LEADER | 00000cam a2200000 7i4500 | ||
|---|---|---|---|
| 001 | 0000115403 | ||
| 005 | 20151022.0 | ||
| 008 | 151022 eng | ||
| 020 | |a 0773600345 | ||
| 090 | 0 | 0 | |a 751.422 SZA |
| 100 | 1 | |a Szabo Zoltan | |
| 245 | 1 | 0 | |a landscape painting in watercolor |c Zoltan Szabo |
| 260 | |a London : |b Watson Guptill Pub. , |c 1971 | ||
| 300 | |a 183p. : |b ill,col. ; |c 28p. | ||
| 650 | 0 | 0 | |a Painting & Paintings |
| 999 | |a 7192 |b Buku |c Rujukan |e Perpustakaan Cawangan Jasin | ||